| 000 | 02742nam0a2200433 4500 | ||
|---|---|---|---|
| 001 | RU\NLR\BIBL_A\011817742 | ||
| 005 | 20250626134710.0 | ||
| 020 |
_aRU _b18468 _9Сводный каталог листовок первых лет Советской власти (25 октября (7 ноября) 1917 - 1925) Т.6. Листовки органов военного управления отдельных воинских соединений и частей военных организаций и учреждений |
||
| 035 | _a(NLR Aleph) 011817742 | ||
| 090 |
_a11948341 _c11948341 |
||
| 100 | _a20181011j19201024|||y0rusy50 ca | ||
| 101 | 0 | _arus | |
| 102 | _aRU | ||
| 105 | _ay z 000zy | ||
| 135 | _acrcn 024anaba | ||
| 200 | 1 |
_aПриказ по гарнизону гор. Симбирска от 24 окт. 1920 г.: г. Симбирск. № 136. "§ 1. Вместо отозванного мною коменданта гор. Симбирска..." _e[листовка] |
|
| 210 |
_aСимбирск _cТип. ГСНХ № 3 _d1920, окт., 24 |
||
| 215 |
_a1 с. _d32х18 |
||
| 300 | _aПодписи: начальник Гарнизона г. Симбирска Мухин, адъютант Райков | ||
| 325 | _aКопия доступна в Электрон. б-ке РНБ | ||
| 327 | 1 | _aО соблюдении чистоты в 231-м госпитале и др. | |
| 517 | 1 | _aВместо отозванного мною коменданта гор. Симбирска... | |
| 540 | 1 | _aО соблюдении чистоты в 231-м госпитале и др. | |
| 601 | 0 | 2 |
_aПриволжский военный округ _jЛистовки _92041970 _3RU\NLR\AUTH\66941386 |
| 607 |
_aРСФСР _jЛистовки _xПолитика и управление _y1917 - 1925 _92312782 _3RU\NLR\auth\6601609564 |
||
| 686 | 0 | _aТ3(2)71-313,011 | |
| 686 | 0 | _aЦ4,6(2)13,011 | |
| 702 | 1 |
_4720 _7ca _8rus _aМухин _cучастник установления советской власти, воен. комиссар, Мелекесс _9191235 _3RU\NLR\AUTH\770191286 |
|
| 702 | 1 |
_4720 _aРайков _cучастник установления советской власти, г. Симбирск _9207613 _3RU\NLR\AUTH\770207666 |
|
| 710 | 0 | 2 |
_aНачальник гарнизона города Симбирска _9645203 _3RU\NLR\AUTH\880492591 |
| 852 | 0 | 0 |
_aNLR _bФЛ _j67/164 |
| 942 | _cBOOK | ||
| 980 | _aNB | ||
| 981 | 2 | 1 |
_a(21) Листовки _b(21) Листовки 1920 года |